Państwa, w których byłem. - Statystyki

Ogólne statystyki
  • Ten quiz został rozwiązany 27 razy
  • Średni wynik to 6 z 7
Statystyki odpowiedzi
Rok ostatnich odwiedzin Odpowiedź % Poprawnych
2026 Polska
95%
2025 Czechy
89%
2025 Niemcy
89%
2023 Słowacja
89%
2024 Włochy
84%
2024 Austria
79%
2024 San Marino
53%
Nie znaleziono quizów pasujących do podanych kryteriów
Rozkład punktacji
Procent ludzi z każdym wynikiem
Percentyl według liczby udzielonych odpowiedzi
Twoja historia wyników
Nie rozwiązałeś tego quizu